000 00663cam a22002171i 4500
001 sa 68019101
003 DLC
005 20260227112716.0
008 830524s1967 io f000 0 ind
010 _asa 68019101
035 _a(OCoLC)9539956
040 _aDLC
_cOAU
_dDLC
042 _apremarc
050 0 0 _aTH113.I7
_bY3
100 1 _aYap, K. H. Felix.
245 1 0 _aBuilding research /
_coleh K. H. Felix Yap.
260 _a[Bandung] :
_bDepartemen Pekerdjaan Umum, Direktorat Djenderal Tjipta Karja, Lembaga Penjelidikan Masalah Bangunan,
_c[1967]
300 _a11 l. ;
_c30 cm.
500 _aIn Indonesian.
650 0 _aBuilding
_xResearch
_zIndonesia.
999 _c88819
_d88819